Statistics for Thetoptens.com 100 Most Influential People

Click here to take the quiz!

General Stats

  • This quiz has been taken 40 times
  • The average score is 48 of 100

Answer Stats

RankConcise ClueAnswer% Correct
5E = MC^2Albert Einstein
100%
1ChristianityJesus Christ
100%
8Civil Rights MovementMartin Luther King, Jr.
89%
2IslamMuhammad
89%
17NazismAdolf Hitler
87%
63First Black PresidentBarack Obama
87%
65AppleSteve Jobs
87%
53Mickey MouseWalt Disney
87%
12Protestant ReformationMartin Luther
84%
27Holocaust DiaryAnne Frank
82%
36MicrosoftBill Gates
82%
6Natural SelectionCharles Darwin
82%
16GravityIsaac Newton
82%
39Gravity (again?)Isaac Newton
82%
23Civil WarAbraham Lincoln
79%
4The Enlightened OneGautama Buddha
79%
46USSR GenocideJoseph Stalin
79%
98Mona LisaLeonardo da Vinci
79%
3IndiaMahatma Gandhi
79%
13ThrillerMichael Jackson
79%
43HamletWilliam Shakespeare
79%
18First PresidentGeorge Washington
76%
73LightbulbThomas Edison
76%
80You're Fired!Donald Trump
74%
51TelephoneAlexander Graham Bell
71%
62Rocket ManElton John
71%
50Sistine Chapel CeilingMichelangelo
71%
38The Greatest BoxerMuhammad Ali
71%
19ApartheidNelson Mandela
71%
42UK WWIIWinston Churchill
71%
81Movie Martial ArtistBruce Lee
66%
41Cuban Revolution GuerrillaChe Guevara
66%
33US WWIIFranklin D. Roosevelt
66%
48Ten CommandmentsMoses
66%
74WatergateRichard Nixon
66%
58First Roman EmporerCaesar Augustus
63%
75Last Egyptian PharaohCleopatra
63%
76First Female Prime MinisterMargaret Thatcher
63%
68ACNikola Tesla
63%
72Louisiana PurchaseThomas Jefferson
63%
29Hound DogElvis Presley
61%
85Mongol EmpireGenghis Khan
61%
67Harry PotterJ. K. Rowling
61%
66NirvanaKurt Cobain
61%
24French RevolutionNapoleon Bonaparte
61%
10Ordered to Sacrifice IsaacAbraham
58%
57MacedonAlexander the Great
58%
95Printing PressJohannes Gutenberg
58%
34Five-Star WWII GeneralDwight Eisenhower
55%
55Lose YourselfEminem
55%
60Communist ManifestoKarl Marx
53%
40Blonde BombshellMarilyn Monroe
53%
11First Christian Roman EmporerConstantine I
50%
25QueenFreddie Mercury
50%
84Turkey FounderMustafa Kemal Ataturk
50%
77French Reisitance LeaderCharles de Gaulle
47%
90The Doors Lead SingerJim Morrison
47%
32Black Supremacy AdvocateMalcolm X
47%
93Pakistani Cricketer and PoliticianImran Khan
45%
20First PopeSaint Peter
45%
64Genius ALS SurvivorStephen Hawking
45%
59TelescopeGalileo Galilei
42%
100Katniss EverdeenJennifer Lawrence
42%
26ElectricityBenjamin Franklin
39%
54West IndiesChristopher Columbus
39%
88You Get A Car!Oprah Winfrey
34%
7SaulPaul
34%
44Missionaires of CharityMother Teresa
29%
15LyceumAristotle
26%
37DoryEllen DeGeneres
26%
69Crikey!Steve Irwin
26%
31Sheriff WoodyTom Hanks
26%
47Vaccine InventorEdward Jenner
24%
92YeKanye West
24%
87Billionaire Reality StarKylie Jenner
24%
82PedagogySocrates
24%
97Black WidowScarlett Johansson
21%
56The Hunger GamesSuzanne Collins
21%
9Five ClassicsConfucius
16%
4923Michael Jordan
16%
86Buddhist Maurya EmperorAshoka
13%
71Bon Jovi GuitaristRichie Sambora
13%
22Corpus Juris CivilisJustinian I
11%
94Pakistan's First Governor-GeneralMuhammad Ali Jinnah
11%
14Antiseptic Surgery PioneerJoseph Lister
8%
30All Eyez On MeTupac Shakur
8%
21E = HVMax Planck
5%
892018 World Cup Opening ArtistRobbie Williams
5%
78Inspired Dalit Buddhist MovementB. R. Ambedkar
3%
61ZyzzAziz Shavershian
0%
83Killed John SaundersBhagat Singh
0%
70Life After DeathBiggie Smalls
0%
96ArthashastraChanakya
0%
52Nostalgia CriticDoug Walker
0%
35Iglesia ni CristoFelix Manalo
0%
99Guzaarish ActorHrithik Roshan
0%
79Filipino Propaganda MovementJose Rizal
0%
45Melody Queen of Indian CinemaK. S. Chithra
0%
91Popstar: A Dream Come TrueSarah Geronimo
0%
28Ramakrishna MissionSwami Vivekananda
0%

Score Distribution

Percentile by Number Answered

Percent of People with Each Score

Your Score History

You have not taken this quiz